[Event "Finale del Campionato Italiano Assoluto 2016"]
[Site "Roma"]
[Date "2016.12.07"]
[Round "1.1"]
[White "GM 2473, Ortega, Lexy"]
[Black "IM 2478, Moroni, Luca jr"]
[Result "0-1"]
[LiveChessVersion "1.4.6"]
[BlackElo "2478"]
[WhiteElo "2473"]

1. d4 {[%clk 1:40:58]} Nf6 {[%clk 1:40:56]} 2. Nf3 {[%clk 1:41:24]} e6
{[%clk 1:41:23]} 3. e3 {[%clk 1:41:30]} d5 {[%clk 1:41:47]} 4. c4
{[%clk 1:40:40]} a6 {[%clk 1:42:13]} 5. Nbd2 {[%clk 1:39:51]} c5 {[%clk 1:42:12]}
6. b3 {[%clk 1:40:00]} cxd4 {[%clk 1:42:10]} 7. exd4 {[%clk 1:40:28]} Nc6
{[%clk 1:42:16]} 8. Bb2 {[%clk 1:40:48]} g6 {[%clk 1:42:41]} 9. Be2
{[%clk 1:40:21]} Bg7 {[%clk 1:41:59]} 10. O-O {[%clk 1:39:36]} O-O
{[%clk 1:41:40]} 11. Ne5 {[%clk 1:32:48]} Qb6 {[%clk 1:19:29]} 12. Ndf3
{[%clk 1:18:53]} Rd8 {[%clk 1:11:57]} 13. Nxc6 {[%clk 0:31:28]} bxc6
{[%clk 1:06:43]} 14. Qc2 {[%clk 0:31:09]} a5 {[%clk 1:01:34]} 15. Ba3
{[%clk 0:28:20]} Ba6 {[%clk 0:56:36]} 16. Rfe1 {[%clk 0:26:27]} Qb7
{[%clk 0:52:56]} 17. Rac1 {[%clk 0:24:20]} Ne4 {[%clk 0:40:29]} 18. Ne5
{[%clk 0:18:47]} c5 {[%clk 0:31:34]} 19. cxd5 {[%clk 0:17:49]} exd5
{[%clk 0:31:57]} 20. Bxa6 {[%clk 0:11:29]} Qxa6 {[%clk 0:30:50]} 21. Bb2
{[%clk 0:07:35]} Rac8 {[%clk 0:27:41]} 22. Qd1 {[%clk 0:06:03]} f6
{[%clk 0:16:24]} 23. Nd3 {[%clk 0:01:31]} c4 {[%clk 0:15:52]} 24. Nc5
{[%clk 0:00:47]} Nxc5 {[%clk 0:14:55]} 25. dxc5 {[%clk 0:01:15]} Rxc5
{[%clk 0:15:14]} 26. Re7 {[%clk 0:00:54]} Bf8 {[%clk 0:12:08]} 27. Re2
{[%clk 0:00:40]} cxb3 {[%clk 0:10:04]} 28. Rxc5 {[%clk 0:00:47]} Bxc5
{[%clk 0:10:33]} 29. Rd2 {[%clk 0:01:16]} bxa2 {[%clk 0:04:52]} 30. Rxd5
{[%clk 0:01:44]} Bxf2+ {[%clk 0:04:17]} 31. Kxf2 {[%clk 0:00:53]} Qb6+
{[%clk 0:04:46]} 32. Qd4 {[%clk 0:00:38]} Qxd4+ {[%clk 0:04:53]} 33. Rxd4
{[%clk 0:01:06]} Rb8 {[%clk 0:05:17]} 34. Bc3 {[%clk 0:00:43]} Rc8
{[%clk 0:05:27]} 35. Ba1 {[%clk 0:00:38]} Rc1 {[%clk 0:05:33]} 36. Ra4
{[%clk 0:01:00]} Rxa1 {[%clk 0:06:01]} 37. Rxa5 {[%clk 0:01:22]} f5
{[%clk 0:06:11]} 38. h3 {[%clk 0:01:24]} f4 {[%clk 0:06:11]} 39. Ra7
{[%clk 0:00:37]} g5 {[%clk 0:04:53]} 40. Ra3 {[%clk 0:50:37]} h5 {[%clk 0:55:17]}
0-1

[Event "Finale del Campionato Italiano Assoluto 2016"]
[Site "Roma"]
[Date "2016.12.07"]
[Round "1.2"]
[White "IM 2433, Bellia, Fabrizio"]
[Black "GM 2514, Mogranzini, Roberto"]
[Result "1/2-1/2"]
[LiveChessVersion "1.4.6"]
[BlackElo "2514"]
[WhiteElo "2433"]

1. e4 {[%clk 1:40:34]} c5 {[%clk 1:40:48]} 2. Nf3 {[%clk 1:40:57]} e6
{[%clk 1:41:11]} 3. c3 {[%clk 1:41:03]} Nf6 {[%clk 1:40:30]} 4. e5
{[%clk 1:41:11]} Nd5 {[%clk 1:40:57]} 5. d4 {[%clk 1:41:36]} cxd4
{[%clk 1:40:58]} 6. cxd4 {[%clk 1:41:59]} d6 {[%clk 1:40:16]} 7. Bc4
{[%clk 1:42:15]} Nb6 {[%clk 1:37:16]} 8. Bd3 {[%clk 1:40:44]} dxe5
{[%clk 1:37:18]} 9. dxe5 {[%clk 1:41:04]} Na6 {[%clk 1:36:48]} 10. Qe2
{[%clk 1:41:13]} Nc5 {[%clk 1:35:06]} 11. Bc2 {[%clk 1:41:25]} Nd5
{[%clk 1:34:50]} 12. O-O {[%clk 1:41:13]} Bd7 {[%clk 1:32:37]} 13. Rd1
{[%clk 1:36:47]} Be7 {[%clk 1:27:11]} 14. Na3 {[%clk 1:36:39]} Rc8
{[%clk 1:11:00]} 15. Rd4 {[%clk 1:35:59]} Qb6 {[%clk 0:53:41]} 1/2-1/2

[Event "Finale del Campionato Italiano Assoluto 2016"]
[Site "Roma"]
[Date "2016.12.07"]
[Round "1.3"]
[White "IM 2411, Bonafede, Alessandro"]
[Black "IM 2417, Basso, Pier Luigi"]
[Result "1/2-1/2"]
[LiveChessVersion "1.4.6"]
[BlackElo "2417"]
[WhiteElo "2411"]

1. e4 {[%clk 1:39:18]} e5 {[%clk 1:41:07]} 2. Nf3 {[%clk 1:35:51]} Nc6
{[%clk 1:41:28]} 3. Nc3 {[%clk 1:32:25]} Nf6 {[%clk 1:41:48]} 4. d4
{[%clk 1:32:52]} exd4 {[%clk 1:41:27]} 5. Nd5 {[%clk 1:31:44]} Be7
{[%clk 1:35:53]} 6. Bc4 {[%clk 1:31:35]} O-O {[%clk 1:35:00]} 7. O-O
{[%clk 1:31:33]} d6 {[%clk 1:31:20]} 8. Nxd4 {[%clk 1:24:43]} Nxd5
{[%clk 1:29:20]} 9. Nxc6 {[%clk 1:25:07]} bxc6 {[%clk 1:25:15]} 10. exd5
{[%clk 1:18:36]} c5 {[%clk 1:17:53]} 11. a4 {[%clk 1:10:10]} Bg5 {[%clk 1:15:04]}
12. a5 {[%clk 1:09:41]} Bxc1 {[%clk 1:12:24]} 13. Qxc1 {[%clk 0:57:35]} Qf6
{[%clk 1:10:03]} 14. Re1 Bd7 15. Qd2 {[%clk 0:55:56]} Qxb2 {[%clk 1:00:58]} 16.
Rab1 {[%clk 0:54:44]} Qf6 {[%clk 1:00:56]} 17. Rb7 {[%clk 0:53:03]} a6
{[%clk 0:38:20]} 18. Rxc7 {[%clk 0:49:05]} Bb5 {[%clk 0:38:33]} 19. Bxb5
{[%clk 0:47:05]} axb5 {[%clk 0:37:48]} 20. Rc6 {[%clk 0:46:06]} Rfe8
{[%clk 0:33:27]} 21. h3 {[%clk 0:39:47]} g6 {[%clk 0:29:39]} 22. a6
{[%clk 0:39:15]} Kg7 {[%clk 0:27:19]} 23. g3 {[%clk 0:35:18]} Re5
{[%clk 0:25:05]} 24. h4 {[%clk 0:33:46]} Rae8 {[%clk 0:23:07]} 25. Rxe5
{[%clk 0:32:01]} Qxe5 {[%clk 0:21:59]} 26. Kh2 {[%clk 0:28:35]} Re7
{[%clk 0:09:48]} 27. Qf4 {[%clk 0:13:25]} Qxf4 {[%clk 0:06:01]} 28. gxf4
{[%clk 0:13:53]} Rd7 {[%clk 0:04:28]} 29. Kg3 {[%clk 0:12:19]} Kf6
{[%clk 0:02:17]} 30. Rb6 {[%clk 0:12:08]} b4 {[%clk 0:00:53]} 31. Kf3
{[%clk 0:12:18]} h5 {[%clk 0:00:35]} 32. Rb7 {[%clk 0:10:34]} Rd8
{[%clk 0:01:02]} 33. a7 {[%clk 0:10:51]} Ra8 {[%clk 0:01:29]} 34. Rd7
{[%clk 0:10:50]} c4 {[%clk 0:01:22]} 35. Ke4 {[%clk 0:06:35]} b3 {[%clk 0:01:49]}
36. cxb3 {[%clk 0:06:57]} cxb3 {[%clk 0:02:16]} 37. Kd3 {[%clk 0:06:49]} b2
{[%clk 0:02:30]} 38. Kc2 {[%clk 0:06:42]} Kf5 {[%clk 0:02:49]} 39. Rxf7+
{[%clk 0:02:07]} Ke4 {[%clk 0:01:58]} 40. Kxb2 {[%clk 0:52:07]} Kxd5
{[%clk 0:52:23]} 41. Kc3 {[%clk 0:44:43]} Ke6 {[%clk 0:40:37]} 42. Rh7
{[%clk 0:40:59]} Kf5 {[%clk 0:40:19]} 43. Kc4 {[%clk 0:40:28]} Kxf4
{[%clk 0:40:08]} 44. Kb5 {[%clk 0:39:58]} Kg4 {[%clk 0:33:29]} 45. Kb6
{[%clk 0:35:20]} Kxh4 {[%clk 0:33:29]} 46. Kb7 {[%clk 0:33:08]} Re8
{[%clk 0:30:43]} 47. a8=Q {[%clk 0:33:17]} Rxa8 {[%clk 0:31:09]} 48. Kxa8
{[%clk 0:33:42]} Kh3 {[%clk 0:21:58]} 49. Kb7 {[%clk 0:30:51]} Kg2
{[%clk 0:22:04]} 50. Kc6 {[%clk 0:28:24]} Kxf2 {[%clk 0:22:24]} 51. Kd5
{[%clk 0:11:06]} g5 {[%clk 0:17:07]} 52. Ke4 {[%clk 0:09:34]} d5+
{[%clk 0:11:27]} 53. Kd3 {[%clk 0:08:15]} g4 {[%clk 0:05:00]} 54. Rf7+
{[%clk 0:04:19]} Ke1 {[%clk 0:04:48]} 55. Rg7 {[%clk 0:02:25]} Kf2 56. Rf7+
{[%clk 0:01:47]} Ke1 {[%clk 0:05:14]} 57. Rg7 {[%clk 0:00:41]} Kf2
{[%clk 0:05:39]} 58. Ke4 1/2-1/2

[Event "Finale del Campionato Italiano Assoluto 2016"]
[Site "Roma"]
[Date "2016.12.07"]
[Round "1.4"]
[White "GM 2554, Dvirnyy, Danyyil"]
[Black "IM 2479, Valsecchi, Alessio"]
[Result "1/2-1/2"]
[LiveChessVersion "1.4.6"]
[BlackElo "2479"]
[WhiteElo "2544"]

1. d4 {[%clk 1:40:54]} e6 {[%clk 1:40:12]} 2. c4 {[%clk 1:41:10]} b6
{[%clk 1:40:01]} 3. Nc3 {[%clk 1:34:45]} Bb4 {[%clk 1:38:36]} 4. Qc2
{[%clk 1:33:51]} Bb7 {[%clk 1:37:30]} 5. a3 {[%clk 1:28:13]} Bxc3+
{[%clk 1:35:24]} 6. Qxc3 {[%clk 1:28:32]} f5 {[%clk 1:33:15]} 7. e3
{[%clk 1:24:17]} Nf6 {[%clk 1:32:46]} 8. f3 {[%clk 1:22:53]} O-O {[%clk 1:30:57]}
9. Bd3 {[%clk 1:23:04]} Nh5 {[%clk 1:27:37]} 10. Nh3 {[%clk 0:57:12]} Qh4+
{[%clk 1:13:49]} 11. Nf2 {[%clk 0:52:45]} Qg5 {[%clk 1:12:45]} 12. Bf1
{[%clk 0:49:06]} d6 {[%clk 0:56:32]} 13. g3 {[%clk 0:43:05]} Nd7 {[%clk 0:51:43]}
14. Bg2 {[%clk 0:42:06]} Qg6 {[%clk 0:50:35]} 15. O-O {[%clk 0:38:36]} Rae8
{[%clk 0:38:09]} 16. b4 {[%clk 0:36:41]} Rf7 {[%clk 0:25:23]} 17. Bd2
{[%clk 0:30:01]} e5 {[%clk 0:20:45]} 18. a4 {[%clk 0:25:56]} Ndf6
{[%clk 0:14:55]} 19. d5 {[%clk 0:25:43]} e4 {[%clk 0:08:35]} 20. fxe4
{[%clk 0:23:31]} fxe4 {[%clk 0:08:20]} 21. Qd4 {[%clk 0:23:28]} Bc8
{[%clk 0:07:26]} 22. a5 {[%clk 0:15:19]} Re5 {[%clk 0:04:48]} 23. axb6
{[%clk 0:15:31]} cxb6 {[%clk 0:05:02]} 24. Bc3 {[%clk 0:12:59]} Nxg3
{[%clk 0:03:33]} 25. hxg3 {[%clk 0:13:04]} Qxg3 {[%clk 0:03:57]} 26. Nh1
{[%clk 0:10:43]} Qg6 {[%clk 0:02:53]} 27. Qd1 {[%clk 0:05:28]} Rg5
{[%clk 0:02:59]} 28. Ra2 {[%clk 0:05:28]} Bg4 {[%clk 0:01:46]} 29. Qa4
{[%clk 0:01:47]} Bf3 {[%clk 0:01:36]} 30. Rff2 {[%clk 0:02:11]} Qh5
{[%clk 0:00:41]} 31. Bxf6 {[%clk 0:01:30]} gxf6 {[%clk 0:00:33]} 32. Qe8+
{[%clk 0:01:55]} Kg7 {[%clk 0:00:58]} 33. c5 {[%clk 0:00:58]} bxc5
{[%clk 0:00:36]} 34. bxc5 {[%clk 0:01:23]} Bxg2 {[%clk 0:00:39]} 35. Rxg2
{[%clk 0:01:19]} Qd1+ {[%clk 0:00:53]} 36. Kh2 {[%clk 0:01:44]} Qh5+
{[%clk 0:01:17]} 37. Kg1 {[%clk 0:02:11]} Qd1+ {[%clk 0:00:57]} 38. Kh2
{[%clk 0:02:35]} Qh5+ {[%clk 0:00:51]} 1/2-1/2

[Event "Finale del Campionato Italiano Assoluto 2016"]
[Site "Roma"]
[Date "2016.12.07"]
[Round "1.5"]
[White "GM 2557, Brunello, Sabino"]
[Black "GM 2574, David, Alberto"]
[Result "1/2-1/2"]
[LiveChessVersion "1.4.6"]
[BlackElo "2574"]
[WhiteElo "2557"]

1. d4 {[%clk 1:28:33]} Nf6 {[%clk 1:40:20]} 2. c4 {[%clk 1:28:51]} e6
{[%clk 1:40:33]} 3. Nf3 {[%clk 1:29:14]} d5 {[%clk 1:40:12]} 4. Nc3
{[%clk 1:29:09]} Be7 {[%clk 1:40:23]} 5. Bg5 {[%clk 1:29:27]} h6 {[%clk 1:40:33]}
6. Bxf6 {[%clk 1:24:56]} Bxf6 {[%clk 1:40:37]} 7. e3 {[%clk 1:25:04]} O-O
{[%clk 1:37:24]} 8. Qc2 {[%clk 1:25:05]} c5 {[%clk 1:23:01]} 9. dxc5
{[%clk 1:22:02]} Qa5 {[%clk 1:10:12]} 10. cxd5 {[%clk 1:11:18]} exd5
{[%clk 1:06:01]} 11. O-O-O {[%clk 1:11:00]} Be6 {[%clk 0:51:32]} 12. Nxd5
{[%clk 0:43:33]} Bxd5 {[%clk 0:29:25]} 13. Rxd5 {[%clk 0:43:29]} Qxa2
{[%clk 0:22:39]} 14. Bc4 {[%clk 0:40:01]} Bxb2+ {[%clk 0:20:35]} 15. Kd2
{[%clk 0:40:07]} Qa3 {[%clk 0:18:13]} 16. Rb1 {[%clk 0:26:40]} Bf6
{[%clk 0:18:19]} 17. Rd6 {[%clk 0:26:23]} Kh8 {[%clk 0:15:44]} 18. Rxf6
{[%clk 0:14:07]} gxf6 {[%clk 0:15:45]} 19. Qf5 {[%clk 0:14:27]} Kg7
{[%clk 0:00:54]} 20. Qg4+ {[%clk 0:09:10]} Kh8 {[%clk 0:01:16]} 21. Qf5
{[%clk 0:04:18]} Kg7 {[%clk 0:01:41]} 22. Nd4 {[%clk 0:03:38]} Nc6
{[%clk 0:01:02]} 23. Bd3 {[%clk 0:03:14]} Qa2+ {[%clk 0:00:54]} 24. Ke1
{[%clk 0:03:27]} Rh8 {[%clk 0:00:50]} 25. Qg4+ {[%clk 0:03:21]} Kf8
{[%clk 0:01:15]} 26. Nf5 {[%clk 0:03:17]} Rg8 {[%clk 0:01:02]} 27. Qf4
{[%clk 0:03:43]} Rxg2 {[%clk 0:00:53]} 28. Kf1 {[%clk 0:01:42]} Rg5
{[%clk 0:01:18]} 29. Qd6+ {[%clk 0:01:44]} Kg8 {[%clk 0:01:07]} 30. Nxh6+
{[%clk 0:00:36]} Kg7 {[%clk 0:00:56]} 31. Nf5+ {[%clk 0:00:39]} Kg6
{[%clk 0:00:32]} 32. Ng3+ {[%clk 0:00:33]} Kg7 {[%clk 0:00:55]} 33. Nf5+
{[%clk 0:00:35]} Kg6 {[%clk 0:01:24]} 34. Ng3+ {[%clk 0:00:33]} Kg7
{[%clk 0:01:50]} 35. Rxb7 {[%clk 0:00:37]} Rd8 {[%clk 0:01:42]} 36. Rd7
{[%clk 0:00:38]} Rxd7 {[%clk 0:01:13]} 37. Qxd7 {[%clk 0:01:07]} Qa1+
{[%clk 0:00:41]} 38. Kg2 {[%clk 0:00:56]} Ne5 {[%clk 0:01:02]} 39. Qd6
{[%clk 0:01:08]} Nxd3 {[%clk 0:00:49]} 40. Qxd3 {[%clk 0:51:36]} Qe5
{[%clk 0:50:41]} 41. e4 {[%clk 0:46:33]} Qxc5 {[%clk 0:36:04]} 42. h4
{[%clk 0:46:06]} Rxg3+ {[%clk 0:32:50]} 1/2-1/2

[Event "Finale del Campionato Italiano Assoluto 2016"]
[Site "Roma"]
[Date "2016.12.07"]
[Round "1.6"]
[White "GM 2519, Godena, Michele"]
[Black "IM 2317, Lodici, Lorenzo"]
[Result "1-0"]
[LiveChessVersion "1.4.6"]
[BlackElo "2317"]
[WhiteElo "2519"]

1. e4 {[%clk 1:40:56]} g6 {[%clk 1:40:38]} 2. d4 {[%clk 1:41:13]} Bg7
{[%clk 1:41:01]} 3. Nf3 {[%clk 1:39:17]} d6 {[%clk 1:41:17]} 4. Bc4
{[%clk 1:35:31]} e6 {[%clk 1:40:55]} 5. Bb3 {[%clk 1:28:54]} Ne7 {[%clk 1:41:03]}
6. Nbd2 {[%clk 1:23:01]} b6 {[%clk 1:35:24]} 7. O-O {[%clk 1:18:50]} Bb7
{[%clk 1:31:01]} 8. Re1 {[%clk 1:18:16]} Nd7 {[%clk 1:29:08]} 9. Nf1
{[%clk 1:17:17]} c5 {[%clk 1:25:41]} 10. c3 {[%clk 1:13:44]} Qc7 {[%clk 1:22:17]}
11. Qe2 {[%clk 0:49:06]} O-O {[%clk 1:15:25]} 12. Ng3 {[%clk 0:44:40]} Rac8
{[%clk 1:06:37]} 13. Bg5 {[%clk 0:25:33]} Rfe8 {[%clk 0:59:39]} 14. Qd2
{[%clk 0:25:02]} b5 {[%clk 0:44:30]} 15. h4 {[%clk 0:17:02]} Nb6 {[%clk 0:21:07]}
16. Bh6 {[%clk 0:06:16]} Bh8 {[%clk 0:19:55]} 17. Qg5 {[%clk 0:03:29]} c4
{[%clk 0:15:40]} 18. Bc2 {[%clk 0:03:52]} Bc6 {[%clk 0:12:58]} 19. h5
{[%clk 0:02:20]} e5 {[%clk 0:09:23]} 20. Rad1 {[%clk 0:01:11]} f6
{[%clk 0:08:41]} 21. Qh4 {[%clk 0:00:40]} Bg7 {[%clk 0:08:21]} 22. dxe5
{[%clk 0:00:34]} dxe5 {[%clk 0:08:38]} 23. hxg6 {[%clk 0:00:34]} hxg6
{[%clk 0:09:03]} 24. Be3 {[%clk 0:00:38]} Kf7 {[%clk 0:07:18]} 25. Nh2
{[%clk 0:01:05]} Bd7 {[%clk 0:06:56]} 26. Ngf1 {[%clk 0:00:48]} Rh8
{[%clk 0:06:40]} 27. Qg3 {[%clk 0:01:17]} g5 {[%clk 0:06:41]} 28. Qf3
{[%clk 0:00:37]} Kg6 {[%clk 0:04:42]} 29. Bxb6 {[%clk 0:00:37]} axb6
{[%clk 0:05:05]} 30. Ne3 {[%clk 0:00:55]} Rh7 {[%clk 0:02:13]} 31. Nhg4
{[%clk 0:01:17]} Rch8 {[%clk 0:02:18]} 32. g3 {[%clk 0:01:38]} Qc8
{[%clk 0:01:17]} 33. Rd6 {[%clk 0:00:42]} Rh1+ {[%clk 0:01:16]} 34. Kg2
{[%clk 0:01:11]} Bxg4 {[%clk 0:01:26]} 35. Nxg4 {[%clk 0:01:39]} Rxe1
{[%clk 0:01:43]} 36. Nxe5+ {[%clk 0:00:45]} Kh7 {[%clk 0:00:54]} 37. Qh5+
{[%clk 0:00:46]} Kg8 {[%clk 0:01:21]} 38. Qf7+ {[%clk 0:01:05]} Kh7
{[%clk 0:01:48]} 39. Qh5+ {[%clk 0:01:08]} Kg8 {[%clk 0:02:13]} 40. Qf7+
{[%clk 0:51:37]} Kh7 {[%clk 0:52:39]} 41. Nd7 {[%clk 0:49:06]} Ng6
{[%clk 0:44:18]} 42. Nxf6+ {[%clk 0:49:05]} Kh6 {[%clk 0:44:44]} 43. Ng4+
{[%clk 0:48:41]} Kh7 {[%clk 0:44:38]} 44. Rxg6 {[%clk 0:48:41]} 1-0

[Event "Finale del Campionato Italiano Assoluto 2016"]
[Site "Roma"]
[Date "2016.12.08"]
[Round "2.1"]
[White "IM 2478, Moroni, Luca jr"]
[Black "IM 2317, Lodici, Lorenzo"]
[Result "0-1"]
[LiveChessVersion "1.4.6"]
[BlackElo "2317"]
[WhiteElo "2478"]

1. d4 d5 2. c4 e6 3. Nc3 Nf6 4. Nf3 Bb4 5. Bg5 h6 6. Bxf6 Qxf6 7. Qa4+ Nc6 8. e3
O-O 9. Be2 Bd7 10. Qb3 dxc4 11. Qxc4 Bd6 12. Ne4 Qg6 13. Nxd6 cxd6 14. O-O e5 15.
d5 Ne7 16. Rfc1 Rfc8 17. Qb3 b5 18. Ne1 e4 19. Rxc8+ Rxc8 20. Qa3 Qf6 21. Rd1 a5
22. b3 Qe5 23. Qxa5 Nxd5 24. Qa7 Be6 25. Bf1 Qb2 26. h3 Rc1 27. Qa8+ Kh7 28. Rxd5
Rxe1 29. Rd4 Qe2 30. Qxe4+ g6 0-1

[Event "Finale del Campionato Italiano Assoluto 2016"]
[Site "Roma"]
[Date "2016.12.08"]
[Round "2.2"]
[White "GM 2574, David, Alberto"]
[Black "GM 2519, Godena, Michele"]
[Result "1/2-1/2"]
[LiveChessVersion "1.4.6"]
[BlackElo "2519"]
[WhiteElo "2574"]

1. c4 {[%clk 1:40:58]} e5 {[%clk 1:40:19]} 2. g3 {[%clk 1:41:07]} Nf6
{[%clk 1:39:41]} 3. Bg2 {[%clk 1:41:26]} c6 {[%clk 1:30:19]} 4. Nf3
{[%clk 1:41:12]} e4 {[%clk 1:26:25]} 5. Nd4 {[%clk 1:41:32]} d5 {[%clk 1:25:44]}
6. cxd5 {[%clk 1:41:50]} Qxd5 {[%clk 1:21:37]} 7. e3 {[%clk 1:41:53]} Qe5
{[%clk 1:15:11]} 8. d3 {[%clk 1:39:32]} exd3 {[%clk 1:13:37]} 9. O-O
{[%clk 1:38:45]} Bc5 {[%clk 1:10:47]} 10. Nd2 {[%clk 1:37:36]} O-O
{[%clk 1:03:37]} 11. Nc4 {[%clk 1:36:21]} Qc7 {[%clk 0:54:32]} 12. Qxd3
{[%clk 1:31:36]} Nbd7 {[%clk 0:47:04]} 13. e4 {[%clk 1:14:49]} Ne5
{[%clk 0:41:42]} 14. Qc3 {[%clk 1:12:06]} Nxc4 {[%clk 0:29:14]} 15. Qxc4
{[%clk 1:12:11]} Bb6 {[%clk 0:28:33]} 16. Bf4 {[%clk 0:57:03]} Qe7
{[%clk 0:27:32]} 17. b4 {[%clk 0:49:26]} Rd8 {[%clk 0:22:26]} 18. Nb3
{[%clk 0:35:49]} Be6 {[%clk 0:18:21]} 19. Qc3 {[%clk 0:36:02]} Nxe4
{[%clk 0:08:09]} 20. Bxe4 {[%clk 0:31:14]} Bxb3 {[%clk 0:08:35]} 21. Be5
{[%clk 0:18:21]} Bd5 {[%clk 0:07:18]} 22. Bxd5 {[%clk 0:18:47]} cxd5
{[%clk 0:07:36]} 23. Rae1 {[%clk 0:19:14]} Rac8 {[%clk 0:05:53]} 24. Qd2
{[%clk 0:19:40]} Qf8 {[%clk 0:03:36]} 25. a3 {[%clk 0:20:03]} Rc4
{[%clk 0:02:59]} 26. Qd3 {[%clk 0:19:07]} f6 {[%clk 0:02:05]} 27. Bf4
{[%clk 0:16:54]} Qf7 {[%clk 0:02:30]} 28. Be3 {[%clk 0:17:21]} Bxe3
{[%clk 0:01:07]} 1/2-1/2

[Event "Finale del Campionato Italiano Assoluto 2016"]
[Site "Roma"]
[Date "2016.12.08"]
[Round "2.3"]
[White "IM 2479, Valsecchi, Alessio"]
[Black "GM 2557, Brunello, Sabino"]
[Result "1/2-1/2"]
[LiveChessVersion "1.4.6"]
[BlackElo "2557"]
[WhiteElo "2479"]

1. d4 d5 2. c4 e6 3. Nf3 Nf6 4. Nc3 Be7 5. cxd5 exd5 6. Bg5 c6 7. Qc2 Nbd7 8. e3
h6 9. Bf4 Nb6 10. h3 Bd6 11. Ne5 Be6 12. Bd3 Qc7 13. Rc1 Nbd7 1/2-1/2

[Event "Finale del Campionato Italiano Assoluto 2016"]
[Site "Roma"]
[Date "2016.12.08"]
[Round "2.5"]
[White "GM 2514, Mogranzini, Roberto"]
[Black "IM 2411, Bonafede, Alessandro"]
[Result "0-1"]
[LiveChessVersion "1.4.6"]
[BlackElo "2411"]
[WhiteElo "2514"]

1. Nf3 g6 {[%clk 1:32:54]} 2. c4 {[%clk 1:40:55]} Bg7 {[%clk 1:33:09]} 3. g3
{[%clk 1:41:20]} b6 {[%clk 1:32:40]} 4. Bg2 {[%clk 1:41:40]} Bb7 {[%clk 1:33:01]}
5. Nc3 {[%clk 1:41:45]} d6 {[%clk 1:31:37]} 6. d4 {[%clk 1:39:46]} e6
{[%clk 1:29:57]} 7. O-O {[%clk 1:35:50]} Nd7 {[%clk 1:29:59]} 8. e4
{[%clk 1:30:58]} Ngf6 {[%clk 1:15:32]} 9. d5 {[%clk 1:29:30]} e5 {[%clk 1:06:55]}
10. b4 {[%clk 1:11:16]} a5 {[%clk 1:03:31]} 11. Ba3 {[%clk 1:11:39]} O-O
{[%clk 1:01:06]} 12. bxa5 {[%clk 1:10:58]} Rxa5 {[%clk 0:57:52]} 13. Bb4
{[%clk 1:11:14]} Ra6 {[%clk 0:55:54]} 14. a4 {[%clk 1:10:30]} Qe7
{[%clk 0:54:23]} 15. Qc2 {[%clk 1:01:22]} Rfa8 {[%clk 0:49:24]} 16. Ra2
{[%clk 0:56:29]} Nc5 {[%clk 0:36:11]} 17. Nd2 {[%clk 0:56:18]} h5
{[%clk 0:29:37]} 18. Rfa1 {[%clk 0:56:18]} h4 {[%clk 0:25:34]} 19. a5
{[%clk 0:55:37]} hxg3 {[%clk 0:25:59]} 20. hxg3 {[%clk 0:55:59]} Bh6
{[%clk 0:15:07]} 21. Nb3 {[%clk 0:50:05]} Nh5 {[%clk 0:13:01]} 22. Ne2
{[%clk 0:43:46]} Bc8 {[%clk 0:12:35]} 23. axb6 {[%clk 0:38:57]} cxb6
{[%clk 0:13:00]} 24. Rxa6 {[%clk 0:36:25]} Rxa6 {[%clk 0:13:25]} 25. Rxa6
{[%clk 0:34:52]} Bxa6 {[%clk 0:13:53]} 26. Bf3 {[%clk 0:34:25]} Kg7
{[%clk 0:11:40]} 27. Kg2 {[%clk 0:29:02]} Nf6 {[%clk 0:12:05]} 28. Nd2
{[%clk 0:22:56]} Qc7 {[%clk 0:11:34]} 29. Nb1 {[%clk 0:21:16]} Nb7
{[%clk 0:09:12]} 30. Na3 {[%clk 0:19:08]} b5 {[%clk 0:06:18]} 31. Nc3
{[%clk 0:08:53]} bxc4 {[%clk 0:06:41]} 32. Ncb5 {[%clk 0:08:25]} Qb6
{[%clk 0:06:11]} 33. Qxc4 {[%clk 0:08:40]} Nc5 {[%clk 0:03:49]} 34. Bxc5
{[%clk 0:07:19]} dxc5 {[%clk 0:03:53]} 35. Qa4 {[%clk 0:03:12]} Bc1
{[%clk 0:03:49]} 36. Kg1 {[%clk 0:00:35]} c4 {[%clk 0:03:01]} 37. Kg2
{[%clk 0:00:53]} Bxa3 {[%clk 0:01:04]} 38. Nxa3 {[%clk 0:01:21]} c3
{[%clk 0:01:03]} 39. Bd1 {[%clk 0:00:38]} Bd3 {[%clk 0:01:09]} 40. Bc2
{[%clk 0:50:56]} Nxe4 {[%clk 0:51:08]} 0-1

[Event "Finale del Campionato Italiano Assoluto 2016"]
[Site "Roma"]
[Date "2016.12.08"]
[Round "2.6"]
[White "GM 2473, Ortega, Lexy"]
[Black "IM 2433, Bellia, Fabrizio"]
[Result "1/2-1/2"]
[LiveChessVersion "1.4.6"]
[BlackElo "2433"]
[WhiteElo "2473"]

1. d4 Nf6 2. Nf3 e6 3. e3 c5 4. c4 cxd4 5. exd4 d5 6. a3 Be7 7. Nc3 O-O 8. Bd3
dxc4 9. Bxc4 b6 10. O-O Bb7 11. Qe2 Nc6 12. Rd1 Na5 13. Ba2 Nd5 14. Ne5 Rc8 15.
Bd2 Bg5 16. Nxd5 Bxd5 17. Bxd5 exd5 18. Bxa5 bxa5 19. g3 Qd6 20. Nf3 Bf6 21. Rac1
Qb6 22. Rc2 g6 23. Kg2 Rfe8 24. Qd2 Kg7 25. Rdc1 Rxc2 26. Rxc2 Re4 27. Rc5 Bxd4
28. Rxd5 Bxb2 29. Qxa5 Qxa5 30. Rxa5 Re7 31. a4 Bc3 32. Rc5 Bb4 33. Rb5 Bc3 34.
Rc5 Bb4 35. Rb5 Bc3 1/2-1/2